000 00454nam a2200193Ia 4500
005 20240823012438.0
008 240823s9999||||xx |||||||||||||| ||und||
020 _a0-19-866282-3
041 _aENGLISH
082 _A372.622 P2
100 _a"Seely,John"
245 0 _aWords
250 _a1st
260 _c2002
_bOxford University
_aNew Delhi
500 _aTransfered
650 _aWord
_bComputer Applications
942 _cBK
999 _c164421
_d164421